| 000 | 00839nam a2200253u 4500 | ||
|---|---|---|---|
| 001 | 24274 | ||
| 003 | BD-RjUL | ||
| 005 | 20211209001029.0 | ||
| 008 | 140313r19101906enk 000 0 eng | ||
| 035 | _a(BD-RjUL)24340 | ||
| 040 |
_aDLC _cCarP _dDLC _dBD-RjUL _beng |
||
| 041 | _aeng | ||
| 082 | 0 | 0 |
_a942.66 _bBUA 1910 |
| 100 | 1 |
_aBurnet, Gilbert, _d1643-1715. _974767 |
|
| 245 | 1 | 3 |
_aAn abridgment of Bishop Burnet's history of his own times / _c Gilbert Burnet. |
| 260 |
_aLonodn : _bJ. M. Dent & co.; _c1906 [Reprinted 1910]. |
||
| 300 |
_aviii, 409 p. ; _c17 cm. |
||
| 651 | 0 |
_aGreat Britain _xHistory _y1689-1714. _9846 |
|
| 651 | 0 |
_aGreat Britain _xHistory _yRestoration, 1660-1688. _974768 |
|
| 700 | 1 |
_aStackhouse, Thomas, _dapproximately 1680-1752. _974769 |
|
| 942 |
_2ddc _cBK |
||
| 999 |
_c24274 _d24274 |
||